When the moon comes out

Bibliographic Details
Main Author: Kossoff, Joanne
Format: Book
Published: London : Macmillan Children's Books , 1997
Subjects:

MARC

LEADER 00000cam a2200000 7i4500
001 0000049092
005 20011031.0
020 |a 0333653750 
090 0 0 |a JF   |b KOS 
100 1 |a Kossoff, Joanne 
245 0 0 |a When the moon comes out   |c Joanne Kossoff with Francesca Simon 
260 |a London :   |b Macmillan Children's Books ,   |c 1997 
300 |a Pv. :   |b ill. ;   |c 27cm. 
650 0 0 |a Animal fiction 
999 |a 00110460   |b BUKU   |c PINJAMAN   |e PERPUSTAKAAN KOMUNITI PETALING JAYA 
999 |a 00110461   |b BUKU   |c PINJAMAN   |e PERPUSTAKAAN KOMUNITI PETALING JAYA 
999 |a 00110462   |b BUKU   |c PINJAMAN   |e PERPUSTAKAAN KOMUNITI PETALING JAYA